000 00371nam a2200133Ia 4500
005 20260328104340.0
008 260328s9999||||xx |||||||||||||| ||und||
100 _aPérez, Fernando
245 0 _aLe Corbusier y Sudamérica. Viajes y Proyectos /
_cFernando Pérez
260 _bUniversidad Católica de Chile
300 _a190 p.
650 _aLe Corbusier
942 _cBK
999 _c12080
_d12080